| 000 | 01029nam a22002417a 4500 | ||
|---|---|---|---|
| 003 | OSt | ||
| 005 | 20260212090516.0 | ||
| 008 | 230914b ||||| |||| 00| 0 eng d | ||
| 040 | _c0 | ||
| 082 | _aDPer 570 J826 February-November 2020 v. 54 n. 1-5. | ||
| 100 |
_aAlmeida, António. _eauthor. _948887 |
||
| 245 |
_aChildren's knowledge and contact with native fauna : _ba comparative study between Portugal and Spain / _cAntónio Almeida, Beatriz García Fernández, and Orlando Strecht-Riberio. |
||
| 260 |
_aUnited Kingdom ; _bTaylor & Francis Group , _cFebruary 2020. |
||
| 300 |
_aVolume 54, pages 17-32 : _billustration ; _c25 cm. |
||
| 500 | _aJournal of Biological Education, vol. 54, no. 1, pages 17-32, February 2020. | ||
| 650 |
_aZoology. _948888 |
||
| 650 |
_aElementary schools. _948438 |
||
| 650 |
_aChildren. _913927 |
||
| 700 |
_aAlmeida, António. _eauthor. _948887 |
||
| 700 |
_a Fernández, Beatriz García. _eauthor. _948889 |
||
| 700 |
_aStrecht-Riberio, Orlando. _eauthor. _948890 |
||
| 942 |
_2ddc _cPER |
||
| 999 |
_c18169 _d18169 |
||